Bangiya sabdakosh : (Record no. 6614)

MARC details
000 -LEADER
fixed length control field 00559cam a2200205ua 4500
001 - CONTROL NUMBER
control field 7496
005 - DATE AND TIME OF LATEST TRANSACTION
control field 20260515114223.0
008 - FIXED-LENGTH DATA ELEMENTS--GENERAL INFORMATION
fixed length control field 141211n ii |||gr||||Z||||||ben
040 ## - CATALOGING SOURCE
Transcribing agency MAIN
041 ## - LANGUAGE CODE
Language code of text/sound track or separate title ben
082 ## - DEWEY DECIMAL CLASSIFICATION NUMBER
Classification number 891.4403
100 ## - MAIN ENTRY--PERSONAL NAME
Personal name Bandyopadhyay, H.,
Relator term Compilor.
245 1# - TITLE STATEMENT
Title Bangiya sabdakosh :
Remainder of title 2nd vol. /
Statement of responsibility, etc. Compiled by Haricharan Bandyopadhyay .
250 ## - EDITION STATEMENT
Edition statement 1st.
260 ## - PUBLICATION, DISTRIBUTION, ETC.
Place of publication, distribution, etc. New Delhi:
Name of publisher, distributor, etc. Sahitya akademi,
Date of publication, distribution, etc. 1967.
300 ## - PHYSICAL DESCRIPTION
Extent 2435p.
653 ## - INDEX TERM--UNCONTROLLED
Uncontrolled term East Indo-European & Celtic literatures
653 ## - INDEX TERM--UNCONTROLLED
Uncontrolled term Bengali dictionary
942 ## - ADDED ENTRY ELEMENTS (KOHA)
Koha item type Books
Holdings
Withdrawn status Lost status Damaged status Not for loan Home library Current library Shelving location Date acquired Total checkouts Full call number Barcode Date last seen Copy number Price effective from Koha item type
        Naharkatiya College Library Naharkatiya College Library General stacks 09/19/2020   891.4403 | BAN 12316 09/19/2020 1 09/19/2020 Books